Statistics for Billboard Hot 100 Year-End Singles of 2014

Click here to take the quiz!

General Stats

  • This quiz has been taken 767 times
  • The average score is 54 of 100

Answer Stats

#SongArtist% Correct
80BirthdayKaty Perry
99%
46RoarKaty Perry
99%
2Dark HorseKaty Perry featuring Juicy J
99%
13Shake It OffTaylor Swift
96%
100Adore YouMiley Cyrus
94%
44Wrecking BallMiley Cyrus
94%
27Bang BangJessie J, Ariana Grande & Nicki Minaj
93%
8All About That BassMeghan Trainor
93%
1HappyPharrell Williams
91%
20RoyalsLorde
90%
18TeamLorde
90%
16The MonsterEminem featuring Rihanna
89%
11TimberPitbull featuring Ke$ha
89%
25ChandelierSia
89%
3All Of MeJohn Legend
87%
4FancyIggy Azalea featuring Charli XCX
86%
26Black WidowIggy Azalea featuring Rita Ora
86%
57RadioactiveImagine Dragons
86%
23DemonsImagine Dragons
86%
36AnacondaNicki Minaj
86%
10Stay With MeSam Smith
86%
9ProblemAriana Grande featuring Iggy Azalea
85%
37Break FreeAriana Grande featuring Zedd
85%
62AnimalsMaroon 5
83%
29MapsMaroon 5
83%
24Story Of My LifeOne Direction
83%
67Love Runs OutOneRepublic
83%
5Counting StarsOneRepublic
83%
61TrumpetsJason Derulo
82%
6Talk DirtyJason Derulo featuring 2 Chainz
82%
40WiggleJason Derulo featuring Snoop Dogg
82%
83Blurred LinesRobin Thicke featuring T.I. & Pharrell
80%
60Hey BrotherAvicii
75%
22Wake Me Up!Avicii
75%
95PartitionBeyoncé
75%
35Drunk In LoveBeyoncé featuring Jay-Z
75%
7RudeMAGIC!
75%
12PompeiiBastille
74%
51A Sky Full Of StarsColdplay
68%
56SingEd Sheeran
67%
52Don'tEd Sheeran
67%
34Boom ClapCharli XCX
65%
19Let Her GoPassenger
63%
970 To 100/The Catch UpDrake
60%
55Hold On, We're Going HomeDrake featuring Majid Jordan
60%
33SummerCalvin Harris
56%
39BurnEllie Goulding
56%
32Habits (Stay High)Tove Lo
55%
21Let It GoIdina Menzel
50%
85Can't Remember To Forget YouShakira featuring Rihanna
50%
86Amnesia5 Seconds Of Summer
49%
93She Looks So Perfect5 Seconds Of Summer
49%
41Rather BeClean Bandit featuring Jess Glynne
49%
15Turn Down For WhatDJ Snake & Lil Jon
49%
17Say SomethingA Great Big World & Christina Aguilera
47%
38BailandoEnrique Iglesias featuring Descemer Bueno & Gente de Zona
45%
30LoyalChris Brown featuring Lil Wayne & French Montana/Too $hort/Tyga
43%
77New FlameChris Brown featuring Usher & Rick Ross
43%
78Love Never Felt So GoodMichael Jackson & Justin Timberlake
43%
14Am I WrongNico & Vinz
42%
47Ain't It FunParamore
42%
87No MediocreT.I. featuring Iggy Azalea
42%
69ShowerBecky G
38%
31Best Day Of My LifeAmerican Authors
36%
28LatchDisclosure featuring Sam Smith
36%
45Not A Bad ThingJustin Timberlake
36%
84Do What U WantLady Gaga featuring R. Kelly
36%
59Cool KidsEchosmith
35%
75Sweater WeatherThe Neighbourhood
35%
48The ManAloe Blacc
32%
70Me And My Broken HeartRixton
32%
50ClassicMKTO
31%
94Stay The NightZedd featuring Hayley Williams
27%
66DirtFlorida Georgia Line
25%
49This Is How We RollFlorida Georgia Line featuring Luke Bryan
25%
89Believe MeLil Wayne featuring Drake
24%
82La La LaNaughty Boy featuring Sam Smith
24%
53Na NaTrey Songz
24%
71AnimalsMartin Garrix
23%
54Hot N***aBobby Shmurda
22%
64Play It AgainLuke Bryan
22%
74BraveSara Bareilles
22%
42Don't Tell 'EmJeremih featuring YG
21%
92White WallsMacklemore & Ryan Lewis featuring ScHoolboy Q & Hollis
21%
652 OnTinashe featuring ScHoolboy Q
19%
9023Mike WiLL Made-It featuring Miley Cyrus, Wiz Khalifa & Juicy J
18%
99Somethin' BadMiranda Lambert Duet With Carrie Underwood
17%
58My N***aYG featuring Jeezy & Rich Homie Quan
16%
43Show MeKid Ink featuring Chris Brown
13%
81BartenderLady Antebellum
13%
76Leave The Night OnSam Hunt
12%
63Burnin' It DownJason Aldean
11%
88Come With Me NowKONGOS
11%
96StudioScHoolboy Q featuring BJ The Chicago Kid
11%
79Drunk On A PlaneDierks Bentley
10%
73American KidsKenny Chesney
10%
72LifestyleRich Gang featuring Young Thug & Rich Homie Quan
10%
68Bottoms UpBrantley Gilbert
8%
98I Don't DanceLee Brice
8%
91Beachin'Jake Owen
7%

Score Distribution

Percentile by Number Answered

Percent of People with Each Score

Your Score History

You have not taken this quiz